Dizionario italiano-latino (Record no. 106608)

MARC details
000 -LEADER
campo de control de longitud fija 00682nam a2200193 i 4500
001 - NÚMERO DE CONTROL
campo de control 106608
003 - IDENTIFICADOR DE NÚMERO DE CONTROL
campo de control ES-MaACL
005 - FECHA Y HORA DE LA ÚLTIMA TRANSACCIÓN
campo de control 20230906184221.0
007 - CAMPO FIJO DE DESCRIPCIÓN FÍSICA--INFORMACIÓN GENERAL
campo de control de longitud fija t|
008 - DATOS DE LONGITUD FIJA--INFORMACIÓN GENERAL
campo de control de longitud fija 061205s1967 it ||||1| ita d
080 ## - NÚMERO DE LA CLASIFICACIÓN DECIMAL UNIVERSAL
Número de la Clasificación Decimal Universal (038)=134.2=124
100 1# - ENTRADA PRINCIPAL--NOMBRE DE PERSONA
Nombre de persona Badellino, Oreste.
9 (RLIN) 24524
245 10 - MENCIÓN DEL TÍTULO
Título Dizionario italiano-latino
Resto del título : in correlazione con il dizionario latino-italiano Georges-Calonghi /
Mención de responsabilidad, etc. Oreste Badellino.
250 ## - MENCION DE EDICION
Mención de edición Edizione speciale.
260 ## - PUBLICACIÓN, DISTRIBUCIÓN, ETC.
Lugar de publicación, distribución, etc. Torino :
Nombre del editor, distribuidor, etc. Rosenberg & Sellier,
Fecha de publicación, distribución, etc. 1967.
300 ## - DESCRIPCIÓN FÍSICA
Extensión 4261 p. ;
Dimensiones 25 cm.
650 14 - PUNTO DE ACCESO ADICIONAL DE MATERIA--TÉRMINO DE MATERIA
Término de materia o nombre geográfico como elemento de entrada Lengua italiana-
Subdivisión de forma Diccionarios-
Subdivisión general Latín.
9 (RLIN) 14289
852 4# - LOCALIZACIÓN
Ubicación ES-MaACL
Número de control de estantería E-11414
itemnumber R.139018
Nota libre . - Biblioteca Jacinto Martínez Lacalle
Holdings
Estatus retirado Estado de pérdida Estado de daño No para préstamo Biblioteca de origen Biblioteca actual Ubicación en estantería Fecha de adquisición Fuente de adquisición Total de préstamos Signatura topográfica completa Código de barras Visto por última vez Precio de reemplazo Tipo de ítem Koha
        Biblioteca del Ateneo de Madrid Biblioteca del Ateneo de Madrid Depósito 2 17/01/2008     E-11414 1111280 23/02/2023 23/02/2023 Libro impreso